00000000nam##2200000za#4500
0019.615363
003CaOODSP
00520210615101108
007ta
008150406|2000||||xxc|||||     f|0| 0 eng|d
022 |a0706-6457
040 |aCaOODSP|beng
043 |an-cn---
0861 |aFs97-6/2322E
1101 |aCanada. |bDepartment of Fisheries and Oceans.
24514|aThe applicability of various frameworks and models for assessing the effects of hydropeaking on the productivity of aquatic ecosystems / |cby H. A. Morrison and K. E. Smokorowski.
260 |aOttawa - Ontario : |bFisheries and Oceans Canada |c2000.
300 |ax, 57p. : |bfigs., references, tables ; |c28 cm.
4901 |aCanadian technical report of fisheries and aquatic sciences|x0706-6457|v2322
500 |aPrepared at the Great Lakes Laboratory for Fisheries and Aquatic Sciences, Fisheries and Oceans Canada, 1 Canal Drive, Sault Ste. Marie, Ontario P6A 6W4.
546 |aRésumé en français
563 |aSoftcover
590 |a00-40|b2000-10-06
69007|aMarine ecosystems|2gcpds
69007|aHabitats|2gcpds
69007|aDams|2gcpds
69007|aEnvironmental impact assessment|2gcpds
7201 |aSmokorowski, K. E.
7201 |aMorrison, H. A.
7760#|tThe applicability of various frameworks and models for assessing the effects of hydropeaking on the productivity of aquatic ecosystems / |w(CaOODSP)9.574029
830#0|aCanadian technical report of fisheries and aquatic sciences,|x0706-6457|v2322|w(CaOODSP)9.514691